000 00436nam a2200181Ia 4500
001 15080
005 20260306165001.0
008 260306t2023||||xx |||||||||||||| ||spa||
041 _aESP
082 _a530
_bG91 I 2023
100 _aJavier Ccallata, Henry,
_eAUT
245 0 _aGuía de práctica de física I
260 _c2023
300 _a91 páginas :
_c30 cm.
650 _aGEN
654 _aCCN
942 _cLIB
_dJUS
_fJUS
_2ddc
_n
999 _c15080
_d15080